| 000 | 01048nam0a22002651 4500 | ||
|---|---|---|---|
| 001 | rc\2570633 | ||
| 005 | 20230413181156.0 | ||
| 035 | _a(NLR Aleph) 006735380 | ||
| 090 |
_a5587977 _c5587977 |
||
| 100 | _a20110914d1928 |||y0rusy50 ca | ||
| 101 | 0 | _arus | |
| 102 | _aRU | ||
| 105 | _aab z ||||| | ||
| 200 | 1 |
_aАвтомобиль и управление им _fПроф. И. В. Грибов |
|
| 205 | _a2-е изд., пересмотр. и доп... | ||
| 210 |
_aМосква _aЛенинград _cГос. изд-во _d1928 _eМосква _g1-я Образцовая тип. |
||
| 215 |
_aVIII, 292 с., [1] вкл. л. черт. _cил., черт., карт. _d23х16 см. |
||
| 300 | _aВ коленкоровом переплете и бумажной обертке. Обертка: Николай Седельников | ||
| 700 | 1 |
_aГрибов _bИ. В. _f1881-1945 _gИван Васильевич |
|
| 801 | 0 |
_aRU _bNLR _gpsbo |
|
| 801 | 1 |
_aRU _bELAR _2rusmarc |
|
| 852 |
_aNLR _j56/498 |
||
| 942 | _cBOOK | ||
| 980 | _aNB | ||